<?xml version="1.0" encoding="UTF-8"?>
<collection xmlns="http://www.loc.gov/MARC21/slim">
    <record>
        <controlfield tag="001">13704</controlfield>
        <controlfield tag="005">20151001140025.0</controlfield>
        <datafield tag="037" ind1=" " ind2=" ">
            <subfield code="a">BOUZ-2013-014</subfield>
        </datafield>
        <datafield tag="040" ind1=" " ind2=" ">
            <subfield code="a">Secretaría General</subfield>
        </datafield>
        <datafield tag="222" ind1=" " ind2=" ">
            <subfield code="a">Boletín Oficial de la Universidad de Zaragoza</subfield>
        </datafield>
        <datafield tag="245" ind1=" " ind2=" ">
            <subfield code="a">BOUZ 14 (5 nov 02)</subfield>
        </datafield>
        <datafield tag="260" ind1=" " ind2=" ">
            <subfield code="a">Zaragoza</subfield>
            <subfield code="b">Secretaría General de la Universidad de Zaragoza</subfield>
            <subfield code="c">2002</subfield>
        </datafield>
        <datafield tag="310" ind1=" " ind2=" ">
            <subfield code="a">Irregular</subfield>
        </datafield>
        <datafield tag="362" ind1="0" ind2=" ">
            <subfield code="a">2001-</subfield>
        </datafield>
        <datafield tag="505" ind1="0" ind2=" ">
            <subfield code="a">I. Disposiciones Generales</subfield>
        </datafield>
        <datafield tag="505" ind1="0" ind2=" ">
            <subfield code="a">• Contrato-programa complementos retributivos ................................... 254</subfield>
        </datafield>
        <datafield tag="505" ind1="0" ind2=" ">
            <subfield code="a">I.3 Consejo de Gobierno</subfield>
        </datafield>
        <datafield tag="505" ind1="0" ind2=" ">
            <subfield code="a">• Creación Instituto INA ......................................................................... 257</subfield>
        </datafield>
        <datafield tag="505" ind1="0" ind2=" ">
            <subfield code="a">• Nuevos estudios propios ..................................................................... 257</subfield>
        </datafield>
        <datafield tag="505" ind1="0" ind2=" ">
            <subfield code="a">• Reglamento del Consejo de Gobierno ................................................ 257</subfield>
        </datafield>
        <datafield tag="505" ind1="0" ind2=" ">
            <subfield code="a">• Normativa contratación Ayudantes ..................................................... 261</subfield>
        </datafield>
        <datafield tag="505" ind1="0" ind2=" ">
            <subfield code="a">• Profesor emérito .................................................................................. 262</subfield>
        </datafield>
        <datafield tag="505" ind1="0" ind2=" ">
            <subfield code="a">• Comisión de servicios ......................................................................... 262</subfield>
        </datafield>
        <datafield tag="505" ind1="0" ind2=" ">
            <subfield code="a">• Licencias sabáticas ............................................................................. 262</subfield>
        </datafield>
        <datafield tag="505" ind1="0" ind2=" ">
            <subfield code="a">• Coordinador estudio propio ................................................................. 262</subfield>
        </datafield>
        <datafield tag="505" ind1="0" ind2=" ">
            <subfield code="a">• Modificación de la RPT Sección Internacionales ................................ 263</subfield>
        </datafield>
        <datafield tag="505" ind1="0" ind2=" ">
            <subfield code="a">• Procedimiento modificación RPT ........................................................ 263</subfield>
        </datafield>
        <datafield tag="505" ind1="0" ind2=" ">
            <subfield code="a">• Convenio marco con CEDEX .............................................................. 264</subfield>
        </datafield>
        <datafield tag="505" ind1="0" ind2=" ">
            <subfield code="a">• Modificación comisiones del Consejo de Gobierno............................. 265</subfield>
        </datafield>
        <datafield tag="505" ind1="0" ind2=" ">
            <subfield code="a">I.3 Comisiones de Universidad</subfield>
        </datafield>
        <datafield tag="505" ind1="0" ind2=" ">
            <subfield code="a">• Elecciones parciales Claustro y Comisión Doctorado ........................ 265</subfield>
        </datafield>
        <datafield tag="505" ind1="0" ind2=" ">
            <subfield code="a">• Sustituciones Claustro y Consejo de Gobierno .................................. 265</subfield>
        </datafield>
        <datafield tag="505" ind1="0" ind2=" ">
            <subfield code="a">II. Nombramientos</subfield>
        </datafield>
        <datafield tag="505" ind1="0" ind2=" ">
            <subfield code="a">• Directores de centro ............................................................................ 266</subfield>
        </datafield>
        <datafield tag="505" ind1="0" ind2=" ">
            <subfield code="a">• Directores de departamento ................................................................ 266</subfield>
        </datafield>
        <datafield tag="505" ind1="0" ind2=" ">
            <subfield code="a">• Subdirectores y secretarios de centro ................................................ 266</subfield>
        </datafield>
        <datafield tag="505" ind1="0" ind2=" ">
            <subfield code="a">• Subdirectores y secretarios de departamento .................................... 266</subfield>
        </datafield>
        <datafield tag="505" ind1="0" ind2=" ">
            <subfield code="a">• Otros nombramientos .......................................................................... 267</subfield>
        </datafield>
        <datafield tag="505" ind1="0" ind2=" ">
            <subfield code="a">• Ceses de cargos académicos ............................................................. 267</subfield>
        </datafield>
        <datafield tag="505" ind1="0" ind2=" ">
            <subfield code="a">IV. Información de lo publicado en otros boletines</subfield>
        </datafield>
        <datafield tag="505" ind1="0" ind2=" ">
            <subfield code="a">• Publicado en el BOE ........................................................................... 267</subfield>
        </datafield>
        <datafield tag="505" ind1="0" ind2=" ">
            <subfield code="a">• Publicado en el BOA ........................................................................... 268</subfield>
        </datafield>
        <datafield tag="530" ind1=" " ind2=" ">
            <subfield code="a">Versión electrónica</subfield>
        </datafield>
        <datafield tag="540" ind1=" " ind2=" ">
            <subfield code="a">Todos los derechos reservados</subfield>
            <subfield code="a">http://www.europeana.eu/rights/rr-f/</subfield>
        </datafield>
        <datafield tag="710" ind1="2" ind2=" ">
            <subfield code="a">Universidad de Zaragoza</subfield>
            <subfield code="b">Secretaría General</subfield>
        </datafield>
        <datafield tag="856" ind1="4" ind2=" ">
            <subfield code="s">319648</subfield>
            <subfield code="u">http://zaguan.unizar.es/record/13704/files/BOUZ_14_2002.pdf</subfield>
            <subfield code="y">BOUZ 14 (5 nov 02)</subfield>
        </datafield>
        <datafield tag="856" ind1="4" ind2=" ">
            <subfield code="s">95356</subfield>
            <subfield code="u">http://zaguan.unizar.es/record/13704/files/BOUZ_14_2002.jpg?subformat=icon</subfield>
            <subfield code="x">icon</subfield>
            <subfield code="y">BOUZ 14 (5 nov 02)</subfield>
        </datafield>
        <datafield tag="902" ind1=" " ind2=" ">
            <subfield code="a">2002-11-001</subfield>
        </datafield>
        <datafield tag="980" ind1=" " ind2=" ">
            <subfield code="a">BOUZ</subfield>
        </datafield>
    </record>

    
</collection>